Potent Potables - Sudden Death - Statistics

General Stats
  • This quiz has been taken 2,466 times
  • The average score is 13 of 20
Answers on the Grid
Answers color-coded by a green-red scale on the quiz's grid according to % correct below.
Absinthe
Agua Fresca
Akvavit
Bourbon
Butterbeer
Cognac
Daiquiri
Dandelion
& Burdock
Ghia
Ginger Ale
Grappa
Horchata
Jägermeister
Kombucha
Lassi
Limoncello
Macchiato
Martini
Mead
Mezcal
Mojito
Oolong
Ouzo
Port
Saké
Sarsaparilla
Schnapps
Schweppes
Switchel
Tequila
Tonic Water
Vermouth
Vimto
Vodka
Whiskey
Yerba Maté
 
Answer Stats
Answer % Correct
Bourbon
86%
Absinthe
85%
Cognac
81%
Daiquiri
76%
Jägermeister
73%
Vodka
73%
Martini
72%
Tequila
72%
Mojito
71%
Whiskey
71%
Saké
69%
Schnapps
58%
Vermouth
58%
Mead
56%
Port
55%
Limoncello
50%
Ouzo
45%
Mezcal
43%
Grappa
39%
Akvavit
25%
No matching quizzes found
Score Distribution
Percent of People with Each Score
Percentile by Number Answered
Your Score History
You have not taken this quiz